Slovenská štatistika a demografia recenzovaný vedecký časopis

Články, prehľady, analytické štúdie a diskusné príspevky z oblasti budovania a využívania štatistického informačného systému a jeho prepájania na rezortné informačné systémy v Slovenskej republike.

Gespeichert in:
Bibliographische Detailangaben
Format: Schriftenreihe
Sprache:Slowakisch
Veröffentlicht: Bratislava Štatistický úrad Slovenskej republiky
Schlagworte:
Tags: Tag hinzufügen
Keine Tags, Fügen Sie das erste Tag hinzu!

MARC

LEADER 00000nas1a22000001 4500
001 s120019
005 20260121132533.1
022 |a 1339-6854 
022 |a 1210-1095 
041 0 |a slo 
044 |a SK 
245 1 0 |a Slovenská štatistika a demografia  |b recenzovaný vedecký časopis 
264 1 |a Bratislava  |b Štatistický úrad Slovenskej republiky 
500 |a Do r. 2020 vychádzal v printovej verzii. Od r. 2021 online 
500 |a Do roku 2024 vydával Štatistický úrad Slovenskej republiky 
520 |a Články, prehľady, analytické štúdie a diskusné príspevky z oblasti budovania a využívania štatistického informačného systému a jeho prepájania na rezortné informačné systémy v Slovenskej republike. 
610 2 0 |a štatistika 
610 2 0 |a demografia 
610 2 0 |a metódy štatistické 
610 2 0 |a systémy informačné